| 000 | 00945nam0a22002291 4500 | ||
|---|---|---|---|
| 001 | rc\2766328 | ||
| 005 | 20260407071311.0 | ||
| 035 | _a(NLR Aleph) 006892806 | ||
| 090 |
_a7164977 _c7164977 |
||
| 100 | _a20110915d1940 |||y0rusy50 ca | ||
| 101 | 0 | _arus | |
| 102 | _aRU | ||
| 105 | _ay z ||||| | ||
| 200 | 1 |
_aПроисхождение религии _e(Пояснительный текст к серии диапозитивов) _fПроф. В. К. Никольский _gЦентр. сов. союза воинствующих безбожников СССР |
|
| 210 |
_aМосква _cМоск. полигр. ин-т _d1940 |
||
| 215 |
_a27, [4] с. _d14 см. |
||
| 700 | 1 |
_7ca _8rus _aНикольский _bВ. К. _cд-р ист. наук _f1894-1953 _gВладимир Капитонович _3RU\NLR\AUTH\770278243 _92650210 |
|
| 801 | 0 |
_aRU _bNLR _gpsbo |
|
| 801 | 1 |
_aRU _bELAR _2rusmarc |
|
| 852 |
_aNLR _j40-8/1332 |
||
| 942 | _cBOOK | ||
| 980 | _aNB | ||